00737nam a22002177a 450000500170000001000150001702000110003203500140004303700130005708200120007010000260008224500770010826000440018527000400022930000190026970000270028870000290031594200260034499900190037095201300038920230921140027.0 aENG-138228 c895.00 aEN-121760 bDBAD/PUB a338.954 aBahadur Satish957279 aA Textual Study Of The Apu Trilogy/cSatish Bahadur & Shyamala Vanarase  aNew Delhi bLekhshri Publication c2015 a4695,21-A DaryaganjbDelhi e110002 a187c25cm(hbk) aSatish Bahadur 956902 aShyamala Vanarase957280 2ddccENh791.437mBAH c198511d198511 00104070aNPLbNPLd2023-09-21eDbad/Pubg895.00l0o791.437 BAHpEN-121760r2023-09-21 00:00:00t1v895.00w2023-09-21yEN